[Event "nurmalso leisure kings gambit"]
[Site "SchemingMind.com"]
[Date "2017.11.06"]
[Round "-"]
[White "aliwood"]
[Black "William Lindberg"]
[Result "0-1"]
[WhiteCountry "ENG"]
[BlackCountry "USA"]
[WhiteElo "1301"]
[WhiteRD "55"]
[BlackElo "2415"]
[BlackRD "71"]
[GameID "420292"]

1. e4 e5 2. f4 exf4 3. Nf3 g5 4. Bc4 g4 5. O-O gxf3 6. Qxf3 Qf6 7. d3 Nc6 8. c3 Ne5 9. Qe2 f3 10. Rxf3 Nxf3+
11. Qxf3 Qxf3 12. gxf3 d6 13. Bg5 Ne7 14. f4 Rg8 15. Kf1 Bh3+ 16. Ke1 Ng6 17. Bb5+ c6 18. Ba4 h6 19. Bf6 Nxf4 20. Nd2 Rg1+
0-1

[Event "nurmalso leisure kings gambit"]
[Site "SchemingMind.com"]
[Date "2017.11.07"]
[Round "-"]
[White "William Lindberg"]
[Black "aliwood"]
[Result "1-0"]
[WhiteCountry "USA"]
[BlackCountry "ENG"]
[WhiteElo "2415"]
[WhiteRD "71"]
[BlackElo "1301"]
[BlackRD "55"]
[GameID "420293"]

1. e4 e5 2. f4 exf4 3. Nf3 d6 4. Qe2 Nf6 5. d4 Be7 6. Nc3 O-O 7. Bxf4 a6 8. O-O-O b5 9. e5 Bb7 10. exf6 Bxf6
11. Re1 Nc6 12. Qd2 Rb8 13. Nd5 Re8 14. Rxe8+ Qxe8 15. Nxf6+ gxf6 16. Bh6 Ne7 17. Qf4 Ng6 18. Qxf6 Bd5 19. Qg7#
1-0

[Event "nurmalso leisure kings gambit"]
[Site "SchemingMind.com"]
[Date "2017.11.16"]
[Round "-"]
[White "aliwood"]
[Black "Scooter"]
[Result "0-1"]
[WhiteCountry "ENG"]
[BlackCountry "USA"]
[WhiteElo "1301"]
[WhiteRD "55"]
[BlackElo "1685"]
[BlackRD "55"]
[GameID "420490"]

1. e4 e5 2. f4 exf4 3. Nf3 d6 4. d4 Nf6 5. Nc3 Bg4 6. Be2 Be7 7. Bxf4 Nbd7 8. Nd5 Nxd5 9. exd5 O-O 10. Ne5 Bxe2
11. Qxe2 Re8 12. O-O-O dxe5 13. dxe5 Bg5 14. Bxg5 Qxg5+ 15. Rd2 Rxe5 16. Qf3 Rae8 17. b3 Re1+ 18. Rxe1 Rxe1+
0-1

[Event "nurmalso leisure kings gambit"]
[Site "SchemingMind.com"]
[Date "2017.11.11"]
[Round "-"]
[White "William Lindberg"]
[Black "Scooter"]
[Result "1-0"]
[WhiteCountry "USA"]
[BlackCountry "USA"]
[WhiteElo "2451"]
[WhiteRD "71"]
[BlackElo "1688"]
[BlackRD "56"]
[GameID "420493"]

1. e4 e5 2. f4 exf4 3. Nf3 Be7 4. Nc3 Nc6 5. Bc4 f6 6. d4 d6 7. Bxf4 Bg4 8. h3 Bxf3 9. Qxf3 Nxd4 10. Qh5+ g6
11. Qd5 Nxc2+ 12. Kf2 Nxa1 13. Qf7+ Kd7 14. Be6+ Kc6 15. Rc1 Kb6 16. Na4+ Ka6 17. Bc4+ b5 18. Bxb5+ Kxb5 19. Qc4+
1-0

[Event "nurmalso leisure kings gambit"]
[Site "SchemingMind.com"]
[Date "2017.12.10"]
[Round "-"]
[White "aliwood"]
[Black "pioneer"]
[Result "0-1"]
[WhiteCountry "ENG"]
[BlackCountry "RUS"]
[WhiteElo "1342"]
[WhiteRD "64"]
[BlackElo "2238"]
[BlackRD "119"]
[GameID "421736"]

1. e4 e5 2. f4 d5 3. exd5 e4 4. d3 Nf6 5. dxe4 Nxe4 6. Nf3 Bc5 7. Qe2 Bf5 8. Nc3 Qe7 9. Be3 Bxe3 10. Qxe3 Nxc3
11. Ne5 Nxd5 12. Qf2 Qb4+ 13. c3 Nxc3 14. Bd3 Ne4+ 15. Qd2 Qxd2+
0-1

[Event "nurmalso leisure kings gambit"]
[Site "SchemingMind.com"]
[Date "2017.12.11"]
[Round "-"]
[White "pioneer"]
[Black "aliwood"]
[Result "1-0"]
[WhiteCountry "RUS"]
[BlackCountry "ENG"]
[WhiteElo "2318"]
[WhiteRD "109"]
[BlackElo "1325"]
[BlackRD "61"]
[GameID "421737"]

1. e4 e5 2. f4 exf4 3. Nf3 h6 4. d4 g5 5. Bc4 d6 6. h4 Bg7 7. O-O Nc6 8. c3 g4 9. Bxf4 Qe7 10. Ne1 Nf6
11. Nd2 O-O 12. g3 Bd7 13. Ng2 a6 14. Qe2 Rae8 15. Rae1 h5 16. Bg5 Qd8 17. Qf2 Ne7 18. Bxf6 Bxf6 19. Qxf6
1-0

[Event "nurmalso leisure kings gambit"]
[Site "SchemingMind.com"]
[Date "2017.12.09"]
[Round "-"]
[White "Scooter"]
[Black "pioneer"]
[Result "0-1"]
[WhiteCountry "USA"]
[BlackCountry "RUS"]
[WhiteElo "1685"]
[WhiteRD "55"]
[BlackElo "2007"]
[BlackRD "187"]
[GameID "421738"]

1. e4 e5 2. f4 d5 3. exd5 e4 4. Nc3 Nf6 5. d3 Bb4 6. Bd2 exd3 7. Bxd3 O-O 8. Nce2 Bc5 9. Nf3 Nxd5 10. c3 Ne3
11. Bxe3 Bxe3 12. g3 g6 13. Nfd4 Qd5 14. Rf1 Bg4 15. Qb3 Qg2 16. Nc2 Bb6 17. Qb4 Re8
0-1

[Event "nurmalso leisure kings gambit"]
[Site "SchemingMind.com"]
[Date "2017.12.09"]
[Round "-"]
[White "pioneer"]
[Black "Scooter"]
[Result "1-0"]
[WhiteCountry "RUS"]
[BlackCountry "USA"]
[WhiteElo "2007"]
[WhiteRD "187"]
[BlackElo "1685"]
[BlackRD "55"]
[GameID "421739"]

1. e4 e5 2. f4 Nc6 3. Nf3 d6 4. Bc4 Bg4 5. h3 Bxf3 6. Qxf3 f6 7. f5 Nd4 8. Qh5+ Kd7 9. Qd1 Ne7 10. Bf7 Ng8
11. c3 Nh6 12. Bc4 b5 13. Bd3 Nc6 14. Bxb5 Qb8 15. Qb3 a6 16. Qe6+
1-0

[Event "nurmalso leisure kings gambit"]
[Site "SchemingMind.com"]
[Date "2017.12.09"]
[Round "-"]
[White "William Lindberg"]
[Black "pioneer"]
[Result "1/2-1/2"]
[WhiteCountry "USA"]
[BlackCountry "RUS"]
[WhiteElo "2407"]
[WhiteRD "72"]
[BlackElo "2155"]
[BlackRD "139"]
[GameID "421740"]

1. e4 e5 2. f4 d5 3. exd5 e4 4. d3 Nf6 5. dxe4 Nxe4 6. Nf3 Bc5 7. Qe2 Bf5 8. Nc3 Qe7 9. Be3 Nxc3 10. Bxc5 Qxe2+
11. Bxe2 Nxe2 12. Kxe2 Na6 13. Ba3 Bxc2 14. Kd2 Be4 15. Ng5 Bxd5 16. Rhe1+ Kd8 17. Re5 Bc4 18. Kc3 f6 19. Kxc4 fxe5 20. Nf7+ Kd7
21. Rd1+ Ke6= 22. Nxh8 Rxh8 23. Re1 Nb8 24. Rxe5+ Kf6 25. Be7+ Kf7 26. Bh4 Nc6 27. Rd5 Ke8 28. b4 a6 29. a4 Rf8 30. f5 Rf7
31. g4 g6 32. b5 axb5+ 33. Kxb5 gxf5=
1/2-1/2

[Event "nurmalso leisure kings gambit"]
[Site "SchemingMind.com"]
[Date "2017.12.09"]
[Round "-"]
[White "pioneer"]
[Black "William Lindberg"]
[Result "1/2-1/2"]
[WhiteCountry "RUS"]
[BlackCountry "USA"]
[WhiteElo "2216"]
[WhiteRD "125"]
[BlackElo "2414"]
[BlackRD "69"]
[GameID "421741"]

1. e4 e5 2. f4 exf4 3. Nf3 g5 4. h4 g4 5. Ne5 Nf6 6. Bc4 d5 7. exd5 Bd6 8. d4 Nh5 9. O-O O-O 10. Rxf4 Qxh4
11. Rxg4+ Bxg4 12. Qxg4+ Qxg4 13. Nxg4 Kh8 14. Nc3 Nd7 15. Bd3 f5 16. Nh6 Ng3 17. Bd2 Rae8 18. Re1 Rxe1+ 19. Bxe1 f4 20. Ne2 Nxe2+
21. Bxe2= Kg7 22. Ng4 h5 23. Nf2 Nf6 24. c4 Re8 25. Kf1 b6 26. Bd2 a5 27. a3 h4 28. Bd1 Kg6 29. Ba4 Re7 30. Bc2+= Kg7
31. Bd3 a4 32. Be2 Kg6 33. Bd3+ Kh6 34. Kg1 Kg5 35. Nh3+=
1/2-1/2

[Event "nurmalso leisure kings gambit"]
[Site "SchemingMind.com"]
[Date "2018.01.05"]
[Round "-"]
[White "Scooter"]
[Black "TheHornedReaper "]
[Result "1-0"]
[WhiteCountry "USA"]
[BlackCountry "ROU"]
[WhiteElo "1728"]
[WhiteRD "52"]
[BlackElo "1246"]
[BlackRD "49"]
[GameID "422877"]

1. e4 e5 2. f4 exf4 3. Bc4 Nc6 4. d3 Qh4+ 5. Kf1 Bc5 6. Qe2 Nd4 7. Nf3 Nxe2 8. Nxh4 Nxc1 9. Nc3 Be3 10. Nd5 Kd8
11. Nxe3 fxe3 12. Rxc1 Nh6 13. Ke2 d6 14. Rcf1 Be6 15. Bxe6 fxe6 16. Kxe3 Kd7 17. h3 Rhf8 18. g4 Rae8 19. Ke2
1-0

[Event "nurmalso leisure kings gambit"]
[Site "SchemingMind.com"]
[Date "2018.01.05"]
[Round "-"]
[White "TheHornedReaper "]
[Black "Scooter"]
[Result "0-1"]
[WhiteCountry "ROU"]
[BlackCountry "USA"]
[WhiteElo "1246"]
[WhiteRD "49"]
[BlackElo "1728"]
[BlackRD "52"]
[GameID "422878"]

1. e4 e5 2. f4 Nc6 3. Nf3 d6 4. Bc4 Bg4 5. O-O exf4 6. d4 Qf6 7. c3 O-O-O 8. Nbd2 g6 9. b3 Bg7 10. Bb2 Nge7
11. Qc2 Bxf3 12. Nxf3 d5 13. e5 Qe6 14. Bd3 f5 15. exf6 Bxf6 16. Rae1 Qd7 17. Qd2 g5 18. Re2 h6
0-1

[Event "nurmalso leisure kings gambit"]
[Site "SchemingMind.com"]
[Date "2018.01.05"]
[Round "-"]
[White "William Lindberg"]
[Black "TheHornedReaper "]
[Result "1-0"]
[WhiteCountry "USA"]
[BlackCountry "ROU"]
[WhiteElo "2460"]
[WhiteRD "67"]
[BlackElo "1246"]
[BlackRD "49"]
[GameID "422879"]

1. e4 e5 2. f4 exf4 3. Nf3 d6 4. Bc4 Nc6 5. d4 Bg4 6. Bxf4 Be7 7. O-O Nf6 8. Nc3 O-O 9. Nd5 Nxd5 10. exd5 Nb8
11. Bd3 Nd7 12. h3 Bh5 13. c3 Nf6 14. c4 Re8 15. Qd2 Bg6 16. Rae1
1-0

[Event "nurmalso leisure kings gambit"]
[Site "SchemingMind.com"]
[Date "2018.01.05"]
[Round "-"]
[White "TheHornedReaper "]
[Black "William Lindberg"]
[Result "0-1"]
[WhiteCountry "ROU"]
[BlackCountry "USA"]
[WhiteElo "1672"]
[WhiteRD "89"]
[BlackElo "2414"]
[BlackRD "69"]
[GameID "422880"]

1. e4 e5 2. f4 exf4 3. Nf3 d6 4. d4 g5 5. Bc4 g4 6. O-O gxf3 7. Qxf3 Qf6 8. c3 Bh6 9. Bxf4 Bxf4 10. Qxf4 Qxf4
11. Rxf4 Be6
0-1

[Event "nurmalso leisure kings gambit"]
[Site "SchemingMind.com"]
[Date "2018.01.16"]
[Round "-"]
[White "aliwood"]
[Black "flyinduck"]
[Result "0-1"]
[WhiteCountry "ENG"]
[BlackCountry "CAN"]
[WhiteElo "1326"]
[WhiteRD "65"]
[BlackElo "2108"]
[BlackRD "61"]
[GameID "423104"]

1. e4 e5 2. f4 exf4 3. Nf3 g5 4. Bc4 d6 5. d4 Bg7 6. O-O Nc6 7. c3 h6 8. Nbd2 Nge7 9. Re1 O-O 10. e5 d5
11. Bb3 Bg4 12. Rf1 Nf5 13. Nb1 Qd7 14. Qe1 Rae8 15. Ba4 f6 16. Nbd2 a6 17. Bc2 Ne3 18. Ba4 b5 19. Bb3 Nxf1 20. Qxf1 fxe5
21. dxe5 Nxe5 22. a4 Nc4 23. Nxc4 dxc4 24. Bc2 Re7 25. Nd4 Rfe8 26. Bd2 Bxd4+ 27. Kh1 Bc5 28. Be1 Be2
0-1

[Event "nurmalso leisure kings gambit"]
[Site "SchemingMind.com"]
[Date "2018.01.16"]
[Round "-"]
[White "flyinduck"]
[Black "aliwood"]
[Result "1-0"]
[WhiteCountry "CAN"]
[BlackCountry "ENG"]
[WhiteElo "2086"]
[WhiteRD "62"]
[BlackElo "1360"]
[BlackRD "64"]
[GameID "423105"]

1. e4 e5 2. f4 exf4 3. Nf3 g5 4. h4 g4 5. Ne5 Nf6 6. Nxg4 Nxg4 7. Qxg4 d6 8. Qxf4 Nc6 9. Bc4 Qe7 10. Nc3 Bd7
11. Nd5 O-O-O 12. Nxe7+ Bxe7 13. d3 Be6 14. Bxe6+ fxe6 15. Be3 a6 16. O-O-O Rdf8 17. Qg4 Rhg8 18. Qxe6+ Kd8 19. Bg5 Bxg5+ 20. hxg5 Rxg5
21. Rxh7 Re5 22. Qd7#
1-0

[Event "nurmalso leisure kings gambit"]
[Site "SchemingMind.com"]
[Date "2018.01.11"]
[Round "-"]
[White "Scooter"]
[Black "flyinduck"]
[Result "0-1"]
[WhiteCountry "USA"]
[BlackCountry "CAN"]
[WhiteElo "1671"]
[WhiteRD "51"]
[BlackElo "2053"]
[BlackRD "68"]
[GameID "423106"]

1. e4 e5 2. f4 exf4 3. Nf3 g5 4. Nc3 Bg7 5. b3 g4 6. Ng1 d5 7. exd5 Qh4+ 8. g3 fxg3 9. Qe2+ Ne7 10. Bg2 gxh2+
0-1

[Event "nurmalso leisure kings gambit"]
[Site "SchemingMind.com"]
[Date "2018.01.13"]
[Round "-"]
[White "flyinduck"]
[Black "Scooter"]
[Result "1-0"]
[WhiteCountry "CAN"]
[BlackCountry "USA"]
[WhiteElo "2053"]
[WhiteRD "68"]
[BlackElo "1671"]
[BlackRD "51"]
[GameID "423107"]

1. e4 e5 2. f4 Nc6 3. Nf3 d6 4. Bc4 f6 5. O-O Be6 6. Bxe6 Qe7 7. Bxg8 Rxg8 8. d4 exd4 9. Nxd4 Nxd4 10. Qxd4 Qd7
11. c4 b6 12. Qd5
1-0

[Event "nurmalso leisure kings gambit"]
[Site "SchemingMind.com"]
[Date "2018.01.11"]
[Round "-"]
[White "William Lindberg"]
[Black "flyinduck"]
[Result "1-0"]
[WhiteCountry "USA"]
[BlackCountry "CAN"]
[WhiteElo "2510"]
[WhiteRD "65"]
[BlackElo "2086"]
[BlackRD "62"]
[GameID "423108"]

1. e4 e5 2. f4 exf4 3. Nf3 g5 4. h4 g4 5. Ne5 d6 6. Nxg4 Nf6 7. Nxf6+ Qxf6 8. Nc3 Nc6 9. Nd5 Qg6 10. d3 Qg3+
11. Kd2 Nb4 12. Qf3 Qxf3 13. gxf3 Nxd5 14. exd5 Rg8 15. Ke2 Bh6 16. Kf2 Bf5 17. Bd2 Kd7 18. Bh3 Bxh3 19. Rxh3 Rg3 20. Rh2 Rag8
21. Re1 f5 22. Re6 R8g6 23. Rxg6 hxg6 24. Be3 a6 25. Bd4 c6 26. dxc6+ bxc6 27. Ke2 Ke6 28. Bf2 Bg7 29. Bxg3 fxg3 30. Rh3 f4
31. c3 Kf5 32. h5 g5 33. Rh1 Bh6 34. d4 d5 35. Kf1 g4 36. Kg2 Kg5 37. Re1 Kxh5 38. Re6 Bg5 39. Rxc6 Kh4 40. Rxa6 gxf3+
41. Kxf3 Kh3 42. Rg6
1-0

[Event "nurmalso leisure kings gambit"]
[Site "SchemingMind.com"]
[Date "2018.01.13"]
[Round "-"]
[White "flyinduck"]
[Black "William Lindberg"]
[Result "0-1"]
[WhiteCountry "CAN"]
[BlackCountry "USA"]
[WhiteElo "2108"]
[WhiteRD "61"]
[BlackElo "2517"]
[BlackRD "67"]
[GameID "423109"]

1. e4 e5 2. f4 exf4 3. Nf3 d6 4. d4 g5 5. h4 g4 6. Ng1 Qf6 7. Nc3 Ne7 8. Nge2 Bh6 9. Qd2 Nbc6 10. Nb5 O-O
11. Nxc7 Rb8 12. c3 Bd7 13. g3 Rbc8 14. Nb5 a6 15. Na3 Qe6 16. Bg2 f6 17. Nxf4 Bxf4 18. Qxf4 f5 19. Be3 fxe4 20. Qxe4 Ne5
21. O-O-O Nf3 22. Qxe6+ Bxe6 23. Bf4 Bxa2 24. Bxd6 Rf7 25. Bxf3 gxf3 26. Rd3 Bd5 27. Rf1 Nf5 28. Be5 b5 29. Kd2 Be4 30. Rdxf3 Bxf3
31. Rxf3 Ne7 32. Rxf7 Kxf7 33. Ke3 Ke6 34. Nc2 Nd5+ 35. Ke4 a5 36. Ne3 Nxe3 37. Kxe3 Kd5 38. Kd3 a4 39. g4 Rf8 40. Ke2 Kc4
41. Bd6 Rf6 42. Ba3 Rf4 43. g5 Rxh4 44. Kf3 Kd3 45. d5 Kc4 46. d6 Rh2 47. Ke4 b4 48. cxb4 Rd2 49. b5 Kxb5 50. Ke5 Kc6
51. Kf6 Rd5
0-1

[Event "nurmalso leisure kings gambit"]
[Site "SchemingMind.com"]
[Date "2018.01.13"]
[Round "-"]
[White "flyinduck"]
[Black "pioneer"]
[Result "0-1"]
[WhiteCountry "CAN"]
[BlackCountry "RUS"]
[WhiteElo "2086"]
[WhiteRD "62"]
[BlackElo "2381"]
[BlackRD "106"]
[GameID "423110"]

1. e4 e5 2. f4 d5 3. exd5 e4 4. d3 Nf6 5. dxe4 Nxe4 6. Nf3 Bc5 7. Qe2 Qe7 8. Be3 Bb4+ 9. c3 Bd6 10. Nbd2 O-O
11. O-O-O Bf5 12. Nd4 Nxc3 13. Qc4 Nxd1 14. Nxf5 Qf6 15. Kxd1 Qxf5 16. Bd3 Qg4+ 17. Kc2 Re8 18. h3 Qg3 19. Bd4 Bxf4 20. Qb5 Na6
21. Qxb7 Bxd2 22. Qxa6 Be3
0-1

[Event "nurmalso leisure kings gambit"]
[Site "SchemingMind.com"]
[Date "2018.01.11"]
[Round "-"]
[White "pioneer"]
[Black "flyinduck"]
[Result "0-1"]
[WhiteCountry "RUS"]
[BlackCountry "CAN"]
[WhiteElo "1937"]
[WhiteRD "90"]
[BlackElo "2084"]
[BlackRD "62"]
[GameID "423111"]

1. e4 e5 2. f4 exf4 3. Nf3 g5 4. Bc4 Nc6 5. O-O Bg7 6. d4 d6 7. c3 h6 8. Qa4 Bd7 9. Qb3 Na5 10. Bxf7+ Kf8
11. Qd5 c6 12. Qxd6+ Kxf7 13. Bxf4= gxf4 14. Qxf4+ Nf6 15. e5 Rf8 16. exf6 Kg8 17. Nbd2 Rxf6 18. Qg3 Be6 19. Ne4 Nc4 20. Nxf6+ Qxf6
21. Rae1 Bd5 22. b3 Nb6 23. Ne5 Qg5 24. Qxg5 hxg5 25. c4 Be6 26. Nxc6 bxc6 27. Rxe6 Bxd4+ 28. Kh1 c5 29. Rg6+ Kh7 30. Rxg5 Nd7
31. Rf4 Kh6 32. Rg3 Kh5
0-1

[Event "nurmalso leisure kings gambit"]
[Site "SchemingMind.com"]
[Date "2018.01.27"]
[Round "-"]
[White "aliwood"]
[Black "Keithk"]
[Result "0-1"]
[WhiteCountry "ENG"]
[BlackCountry "ENG"]
[WhiteElo "1325"]
[WhiteRD "61"]
[BlackElo "2405"]
[BlackRD "65"]
[GameID "423715"]

1. e4 e5 2. f4 exf4 3. Nf3 g5 4. Bc4 g4 5. O-O gxf3 6. Qxf3 Qf6 7. e5 Qxe5 8. Bxf7+ Kd8 9. d4 Qxd4+ 10. Rf2 Bc5
11. Bxf4 Ne7 12. Nc3 Qxf2+ 13. Qxf2 Bxf2+ 14. Kxf2 Rf8
0-1

[Event "nurmalso leisure kings gambit"]
[Site "SchemingMind.com"]
[Date "2018.01.27"]
[Round "-"]
[White "Keithk"]
[Black "aliwood"]
[Result "1-0"]
[WhiteCountry "ENG"]
[BlackCountry "ENG"]
[WhiteElo "2405"]
[WhiteRD "65"]
[BlackElo "1325"]
[BlackRD "61"]
[GameID "423716"]

1. e4 e5 2. f4 d5 3. exd5 e4 4. d3 Nf6 5. dxe4 Nxe4 6. Nf3 Bc5 7. Qe2 Bf5 8. Nc3 O-O 9. Nxe4 Re8 10. Ne5 Bb6
11. g4 Bxe4 12. Qxe4 Qh4+ 13. Kd1 Na6 14. Bxa6 bxa6 15. Qf3
1-0

[Event "nurmalso leisure kings gambit"]
[Site "SchemingMind.com"]
[Date "2018.01.22"]
[Round "-"]
[White "Keithk"]
[Black "Scooter"]
[Result "1-0"]
[WhiteCountry "ENG"]
[BlackCountry "USA"]
[WhiteElo "1996"]
[WhiteRD "109"]
[BlackElo "1671"]
[BlackRD "51"]
[GameID "423718"]

1. e4 e5 2. f4 d6 3. Nf3 Bg4 4. d3 f6 5. h3 Bxf3 6. Qxf3 Nd7 7. Be3 exf4 8. Bxf4 Ne7 9. Nc3 Ng6 10. Bd2 Nde5
11. Qf2 Qd7 12. d4 Nc6 13. h4 O-O-O 14. d5 Nce5 15. Qxa7 Qg4 16. Bb5 Qg3+ 17. Kf1 c6 18. dxc6 Nxc6 19. Bxc6 bxc6 20. Na4
1-0

[Event "nurmalso leisure kings gambit"]
[Site "SchemingMind.com"]
[Date "2018.01.22"]
[Round "-"]
[White "William Lindberg"]
[Black "Keithk"]
[Result "0-1"]
[WhiteCountry "USA"]
[BlackCountry "ENG"]
[WhiteElo "2414"]
[WhiteRD "69"]
[BlackElo "2231"]
[BlackRD "82"]
[GameID "423719"]

1. e4 e5 2. f4 exf4 3. Nf3 g5 4. h4 g4 5. Ne5 Nf6 6. Nxg4 Nxe4 7. d3 Ng3 8. Bxf4 Qe7+ 9. Be2 Rg8 10. Bxg3 Rxg4
11. Bf2 Rxg2 12. Nc3 d5 13. Nxd5 Qe5 14. c4 c6 15. Nc3 Rxf2 16. Kxf2 Bc5+ 17. Ke1 Be3 18. Ne4 Bf5 19. Qb3 Nd7 20. Kd1 Bxe4
21. dxe4 Qd4+ 22. Ke1 Ne5 23. Rh3 Bd2+ 24. Kf1 O-O-O 25. Qg3 Qxe4 26. Qg2 Qf5+ 27. Qf2 Qxh3+ 28. Qg2 Qxh4 29. Qf2 Qh3+ 30. Qg2 Qf5+
31. Qf2 Bf4 32. Re1 Rg8 33. Bf3 Nxf3 34. Qxf3 Rg3 35. Qf2 Qh3+
0-1

[Event "nurmalso leisure kings gambit"]
[Site "SchemingMind.com"]
[Date "2018.01.22"]
[Round "-"]
[White "Keithk"]
[Black "William Lindberg"]
[Result "1-0"]
[WhiteCountry "ENG"]
[BlackCountry "USA"]
[WhiteElo "2231"]
[WhiteRD "82"]
[BlackElo "2414"]
[BlackRD "69"]
[GameID "423720"]

1. e4 e5 2. f4 exf4 3. Nf3 g5 4. h4 g4 5. Ne5 Nf6 6. Nxg4 Nc6 7. Nc3 Nd4 8. Nxf6+ Qxf6 9. d3 c6 10. Ne2 Ne6
11. Qd2 d5 12. exd5 cxd5 13. Nxf4 Bh6 14. g3 Nxf4 15. gxf4 O-O 16. Qf2 Re8+ 17. Be2 Bg7 18. Rg1 h5 19. Kd1 Rxe2 20. Qxe2 Qxh4
21. Qe8+ Kh7 22. f5 Bxf5 23. Qxa8 Bg4+ 24. Rxg4 Qxg4+ 25. Ke1 Qg1+ 26. Ke2 h4 27. Qxb7 Qg2+ 28. Ke1 Qh1+ 29. Kd2 Qg2+ 30. Ke1 Qg1+
31. Ke2 Qg4+ 32. Kd2 Qf4+ 33. Ke1 Qg3+ 34. Ke2 Qg4+ 35. Ke1 Qe6+ 36. Kf1 h3 37. Qb4 Qf5+ 38. Qf4 Qh5 39. Bd2 Be5 40. Qf2 Bxb2
41. Re1 Be5 42. Rxe5 Qxe5 43. Qxf7+ Kh8 44. Bf4 Qb2 45. Qe8+ Kh7 46. Qh5+ Kg8 47. Qxd5+ Kh7 48. Qf5+ Kg8 49. Qe6+ Kh7 50. Qxh3+
1-0

[Event "nurmalso leisure kings gambit"]
[Site "SchemingMind.com"]
[Date "2018.01.27"]
[Round "-"]
[White "flyinduck"]
[Black "Keithk"]
[Result "0-1"]
[WhiteCountry "CAN"]
[BlackCountry "ENG"]
[WhiteElo "2102"]
[WhiteRD "63"]
[BlackElo "2468"]
[BlackRD "60"]
[GameID "423721"]

1. e4 e5 2. f4 exf4 3. Nf3 g5 4. Bc4 g4 5. O-O gxf3 6. Qxf3 Qf6 7. d3 Nc6 8. Bxf4 d6 9. Nc3 Qg7 10. Nd5 Kd8
11. c3 Ne5 12. Bxe5 dxe5 13. Qxf7 Qxf7 14. Rxf7 Bc5+ 15. d4 exd4 16. cxd4 Nh6 17. Rf4 Bxd4+ 18. Kh1 Bxb2 19. Rd1 Bg4 20. Rxg4 Nxg4
21. Nf6+ Ke7 22. Nxg4 Rad8 23. Rb1 Rd2 24. Ne3 Rf8
0-1

[Event "nurmalso leisure kings gambit"]
[Site "SchemingMind.com"]
[Date "2018.01.27"]
[Round "-"]
[White "Keithk"]
[Black "flyinduck"]
[Result "1-0"]
[WhiteCountry "ENG"]
[BlackCountry "CAN"]
[WhiteElo "2468"]
[WhiteRD "60"]
[BlackElo "2102"]
[BlackRD "63"]
[GameID "423722"]

1. e4 e5 2. f4 exf4 3. Nf3 g5 4. h4 g4 5. Ne5 Nf6 6. Nxg4 d6 7. Nxf6+ Qxf6 8. Nc3 Nc6 9. Nd5 Qg6 10. d3 Qg3+
11. Kd2 Nb4 12. Qf3 Nxd5 13. Qxg3 fxg3 14. exd5 Bg4 15. Be2 h5 16. Bxg4 hxg4 17. Ke3 Bh6+ 18. Ke4 Kd7 19. Bxh6 Rxh6 20. Kf4 Re8
21. Raf1 Re2 22. Kxg3 Rxc2 23. Rxf7+ Ke8 24. Rhf1 Rh8 25. R1f5 a5 26. h5
1-0

[Event "nurmalso leisure kings gambit"]
[Site "SchemingMind.com"]
[Date "2018.01.23"]
[Round "-"]
[White "pioneer"]
[Black "Keithk"]
[Result "0-1"]
[WhiteCountry "RUS"]
[BlackCountry "ENG"]
[WhiteElo "1937"]
[WhiteRD "90"]
[BlackElo "2529"]
[BlackRD "59"]
[GameID "423723"]

1. e4 e5 2. f4 exf4 3. Nf3 g5 4. Bc4 g4 5. O-O gxf3 6. Qxf3 Qf6 7. d3 Nc6 8. Bxf4 d6 9. Nc3 Nge7 10. Qe3 Qg6
11. d4 Bg7 12. Nb5 O-O 13. c3 Bg4 14. h3 Bd7 15. Rf3 Na5 16. Bd3 Bxb5 17. Bxb5 f5 18. Bd3 fxe4 19. Bxe4 Qh5 20. g4 Qb5
21. Raf1 Ng6 22. h4 Rfe8 23. Bg5 d5 24. Qd3 Qc6 25. Bf5 Nc4 26. h5 Nce5 27. dxe5 Nxe5 28. Qe2 Nxf3+ 29. Qxf3 Kh8 30. h6 Bf6
31. Bc1 Rf8 32. Kg2 Rae8 33. Be3 Qd6 34. Rd1 c6 35. b4 Qe5 36. Rd3 Kg8 37. Bxa7 Qe2+ 38. Qf2 Bh4 39. Qxe2 Rxe2+ 40. Kf3 Rxa2
41. Bc5 Rf7 42. Rd1 Ra8 43. Kg2 Rf6 44. Be3 Re8 45. Kf3 Rf7 46. Rb1 Rfe7 47. Bc5 Re1 48. Rxe1 Bxe1 49. Bd7 Kf7 50. Bxe8+ Kxe8
51. Bd4= Bd2 52. Bg7 Bg5 53. Ke2 Kf7 54. Bd4 Bxh6 55. Bf2 Bg7 56. Be1 Kg6
0-1

[Event "nurmalso leisure kings gambit"]
[Site "SchemingMind.com"]
[Date "2018.01.23"]
[Round "-"]
[White "Keithk"]
[Black "pioneer"]
[Result "1-0"]
[WhiteCountry "ENG"]
[BlackCountry "RUS"]
[WhiteElo "2529"]
[WhiteRD "59"]
[BlackElo "1937"]
[BlackRD "90"]
[GameID "423724"]

1. e4 e5 2. f4 Bc5 3. Nf3 exf4 4. d4 Bb6 5. Bxf4 d6 6. a4 a6 7. Bd3 Ne7 8. c3 Ng6 9. Bg3 c5 10. d5 Bc7
11. Nbd2 Nd7 12. Nc4 Nb6 13. Ne3 O-O 14. a5 Nd7 15. Nc4 Qe7 16. O-O f6 17. Qb1 Rf7 18. Be2 Nde5 19. Nfxe5 Nxe5 20. b4 Nxc4
21. Bxc4 cxb4 22. Qxb4 Rb8 23. Bd3 Bd7 24. Kh1 Be8 25. Qb1 h6 26. Qb4 Rf8 27. Bf2 Bg6 28. Ba7 Rbe8 29. Rfe1 Bb8 30. Bd4 Qd7
31. Re3 Re7 32. Rf1 Bh7 33. h3 Qd8 34. Rfe1 Kh8 35. Bc2 Rg8 36. Bd1 Bg6 37. Bg4 Rge8 38. Kh2 Qc7 39. Bb6 Qc5 40. Qa4 Qb5
41. Qxb5 axb5 42. Rb1 Rxe4 43. Rxe4 Rxe4 44. Rxb5 h5 45. Bf3 Re8 46. c4 Rc8 47. Be2 Bc7 48. Kg3 Kg8 49. Bxc7 Rxc7 50. Rb6 Rd7
51. Kf4 Re7 52. Kf3 Rd7 53. Ke3 Re7+ 54. Kd2 Rd7 55. Bf3 Kf7 56. Kc3
1-0

[Event "nurmalso leisure kings gambit"]
[Site "SchemingMind.com"]
[Date "2018.01.27"]
[Round "-"]
[White "TheHornedReaper "]
[Black "Keithk"]
[Result "0-1"]
[WhiteCountry "ROU"]
[BlackCountry "ENG"]
[WhiteElo "1246"]
[WhiteRD "49"]
[BlackElo "2405"]
[BlackRD "65"]
[GameID "423725"]

1. e4 e5 2. f4 exf4 3. Bc4 Qh4+ 4. Kf1 d6 5. Nf3 Qf6 6. d4 Be6 7. d5 Bc8 8. Nc3 a6 9. Bd2 Nd7 10. Qe2 Ne7
0-1

[Event "nurmalso leisure kings gambit"]
[Site "SchemingMind.com"]
[Date "2018.01.30"]
[Round "-"]
[White "aliwood"]
[Black "DANDYLIONHONEYBADGER"]
[Result "1-0"]
[WhiteCountry "ENG"]
[BlackCountry "USA"]
[WhiteElo "1360"]
[WhiteRD "64"]
[BlackElo "1286"]
[BlackRD "73"]
[GameID "423906"]

1. e4 e5 2. f4 Nc6 3. Nc3 exf4 4. Nf3 f6 5. d3 g5 6. Be2 a6 7. O-O b6 8. Qe1 Qe7 9. Nd5 Qg7 10. Nxc7+ Kf7
11. Nxa8 Nb4 12. Nd4 Ne7 13. Qxb4 b5 14. Bh5+ Ng6 15. Qb3+ Ke8 16. Nc7+ Kd8 17. Nce6+
1-0